000 nam a22 7a 4500
999 _c19552
_d19552
008 170117b xxu||||| |||| 00| 0 eng d
020 _a9781121609259
050 _aHB 171.5 .R58 2012
110 _ainstructors.
245 _aRiverland economics/
_cinstructors.
260 _aUSA :
_bMcGrawHill,
_c2012
300 _avi, 585p. :
_bill. ;
_c28cm.
650 _aEconomics.
942 _2lcc
_cBOOKS
_hHB 171.5 .R58 2012
_01